| 000 | 00408nam a2200145Ia 4500 | ||
|---|---|---|---|
| 008 | 151015s9999 xx 000 0 und d | ||
| 020 | _a9.7804153741e+012 | ||
| 050 | _aHM 101.C8928 2007 | ||
| 245 | _aDuring Simon | ||
| 250 | _a_The cultural studies reader [3rd ed.] | ||
| 300 | _aLondon Routledge 2007 | ||
| 500 | _aIncludes index | ||
| 650 | _a_culture-studies | ||
| 700 | _a^d20130528 06:29:02^oanne | ||
| 999 |
_c4907 _d4907 |
||